<?xml version="1.0" encoding="UTF-8"?>
<record
    xmlns:xsi="http://www.w3.org/2001/XMLSchema-instance"
    xsi:schemaLocation="http://www.loc.gov/MARC21/slim http://www.loc.gov/standards/marcxml/schema/MARC21slim.xsd"
    xmlns="http://www.loc.gov/MARC21/slim">

  <leader>00749nam a22002057a 4500</leader>
  <datafield tag="999" ind1=" " ind2=" ">
    <subfield code="c">63264</subfield>
    <subfield code="d">63264</subfield>
  </datafield>
  <controlfield tag="005">20250710163703.0</controlfield>
  <controlfield tag="008">250710s2023    en ||||| |||| 00| 0 eng d</controlfield>
  <datafield tag="020" ind1=" " ind2=" ">
    <subfield code="a">9781509959129 X</subfield>
  </datafield>
  <datafield tag="041" ind1=" " ind2=" ">
    <subfield code="a">eng</subfield>
  </datafield>
  <datafield tag="080" ind1=" " ind2=" ">
    <subfield code="a">342.4 The-44</subfield>
  </datafield>
  <datafield tag="245" ind1=" " ind2=" ">
    <subfield code="a">The architecture of constitutional amendments :</subfield>
    <subfield code="b">history, law, politics / </subfield>
    <subfield code="c">edited by:  Richard Albert.</subfield>
  </datafield>
  <datafield tag="264" ind1=" " ind2=" ">
    <subfield code="a">Oxford ; New York:</subfield>
    <subfield code="b">Hart,</subfield>
    <subfield code="c"> 2024.</subfield>
  </datafield>
  <datafield tag="300" ind1=" " ind2=" ">
    <subfield code="a">366 pages ;</subfield>
    <subfield code="b">24 cm.</subfield>
  </datafield>
  <datafield tag="653" ind1=" " ind2=" ">
    <subfield code="a">ARCHITECTURE OF CONSTITUTIONAL AMENDMENTS </subfield>
  </datafield>
  <datafield tag="653" ind1=" " ind2=" ">
    <subfield code="a">Constitutional amendments</subfield>
  </datafield>
  <datafield tag="653" ind1=" " ind2=" ">
    <subfield code="a">&#x10D9;&#x10DD;&#x10DC;&#x10E1;&#x10E2;&#x10D8;&#x10E2;&#x10E3;&#x10EA;&#x10D8;&#x10E3;&#x10E0;&#x10D8; &#x10EA;&#x10D5;&#x10DA;&#x10D8;&#x10DA;&#x10D4;&#x10D1;&#x10D4;&#x10D1;&#x10D8;</subfield>
  </datafield>
  <datafield tag="653" ind1=" " ind2=" ">
    <subfield code="a">&#x10E1;&#x10D0;&#x10DB;&#x10D0;&#x10E0;&#x10D7;&#x10D0;&#x10DA;&#x10D8;</subfield>
  </datafield>
  <datafield tag="700" ind1=" " ind2=" ">
    <subfield code="a">Richard,  Albert</subfield>
    <subfield code="e">&#x10E0;&#x10D4;&#x10D3;&#x10D0;&#x10E5;&#x10E2;&#x10DD;&#x10E0;&#x10D8;</subfield>
    <subfield code="9">25637</subfield>
  </datafield>
  <datafield tag="942" ind1=" " ind2=" ">
    <subfield code="2">udc</subfield>
    <subfield code="c">BK</subfield>
  </datafield>
  <datafield tag="952" ind1=" " ind2=" ">
    <subfield code="0">0</subfield>
    <subfield code="1">0</subfield>
    <subfield code="2">udc</subfield>
    <subfield code="4">0</subfield>
    <subfield code="6">3424_THE44</subfield>
    <subfield code="7">0</subfield>
    <subfield code="9">103670</subfield>
    <subfield code="a">CPL</subfield>
    <subfield code="b">CPL</subfield>
    <subfield code="c">GEN</subfield>
    <subfield code="d">2025-07-10</subfield>
    <subfield code="g">191.00</subfield>
    <subfield code="o">342.4 The-44</subfield>
    <subfield code="p">72096</subfield>
    <subfield code="r">2025-07-10</subfield>
    <subfield code="t">72096</subfield>
    <subfield code="w">2025-07-10</subfield>
    <subfield code="y">BK</subfield>
    <subfield code="z">191.00</subfield>
  </datafield>
  <datafield tag="952" ind1=" " ind2=" ">
    <subfield code="0">0</subfield>
    <subfield code="1">0</subfield>
    <subfield code="2">udc</subfield>
    <subfield code="4">0</subfield>
    <subfield code="6">3424_THE44</subfield>
    <subfield code="7">0</subfield>
    <subfield code="9">103671</subfield>
    <subfield code="a">CPL</subfield>
    <subfield code="b">CPL</subfield>
    <subfield code="c">GEN</subfield>
    <subfield code="d">2025-07-10</subfield>
    <subfield code="g">191.00</subfield>
    <subfield code="o">342.4 The-44</subfield>
    <subfield code="p">72098</subfield>
    <subfield code="r">2025-07-10</subfield>
    <subfield code="t">72098</subfield>
    <subfield code="w">2025-07-10</subfield>
    <subfield code="y">BK</subfield>
    <subfield code="z">191.00</subfield>
  </datafield>
  <datafield tag="952" ind1=" " ind2=" ">
    <subfield code="0">0</subfield>
    <subfield code="1">0</subfield>
    <subfield code="2">udc</subfield>
    <subfield code="4">0</subfield>
    <subfield code="6">3424_THE44</subfield>
    <subfield code="7">0</subfield>
    <subfield code="9">103672</subfield>
    <subfield code="a">CPL</subfield>
    <subfield code="b">CPL</subfield>
    <subfield code="c">GEN</subfield>
    <subfield code="d">2025-07-10</subfield>
    <subfield code="g">191.00</subfield>
    <subfield code="o">342.4 The-44</subfield>
    <subfield code="p">72097</subfield>
    <subfield code="r">2025-07-10</subfield>
    <subfield code="t">72097</subfield>
    <subfield code="w">2025-07-10</subfield>
    <subfield code="y">BK</subfield>
    <subfield code="z">191.00</subfield>
  </datafield>
</record>
